La flautista azul
محفوظ في:
| المؤلف الرئيسي: | |
|---|---|
| التنسيق: | كتاب |
| اللغة: | الإسبانية |
| منشور في: |
Coquimbo, Chile
Centro Mohammed VI
2010
|
| الموضوعات: | |
| الوسوم: |
إضافة وسم
لا توجد وسوم, كن أول من يضع وسما على هذه التسجيلة!
|
MARC
| LEADER | 00000cam a2200000 a 4500 | ||
|---|---|---|---|
| 001 | UCF2347 | ||
| 003 | CL-VaPUC | ||
| 005 | 20200826124857.0 | ||
| 008 | 120817e20100000CL |||||||||||||||||spa|d | ||
| 999 | |c 348915 |d 348913 | ||
| 020 | |a 9789568888077 | ||
| 040 | |c Pontificia Universidad Católica de Valparaíso | ||
| 082 | 0 | 4 | |a 892.77 BOU 2010 |2 21 |
| 100 | 0 | |a Bouzfour, Ahmed |9 563950 | |
| 245 | 1 | 3 | |a La flautista azul |
| 260 | 0 | 3 | |a Coquimbo, Chile |b Centro Mohammed VI |c 2010 |
| 300 | |a 94 páginas | ||
| 583 | |a last modification |c 20120817 11:35:00 |k Rodrigo Vera | ||
| 650 | 7 | |a LITERATURA ARABE |2 CL-VaPUC |9 323185 | |
| 650 | 7 | |a POESIAS ARABES |2 CL-VaPUC |9 267586 | |
| 942 | |c BK |2 ddc | ||
| 945 | |d 20120817 00:00:00 |a dcastane | ||
| 952 | |0 0 |1 0 |2 ddc |4 0 |6 892_770000000000000_BOU_2010 |7 0 |8 A |9 451207 |a BIBHIS |b BIBHIS |d 2019-11-22 |i 4892895 |o 892.77 BOU 2010 |p 4892895 |r 2025-01-20 |t 1 |w 2019-11-22 |y BK |k HIS | ||
| 952 | |0 0 |1 0 |2 ddc |4 0 |6 892_770000000000000_BOU_2010 |7 0 |8 A |9 451208 |a BIBGIM |b BIBGIM |d 2019-11-22 |i 4909437 |o 892.77 BOU 2010 |p 4909437 |r 2025-01-15 |t 2 |w 2019-11-22 |y BK |k ARA | ||
| 952 | |0 0 |1 0 |2 ddc |4 0 |6 892_770000000000000_BOU_2010 |7 0 |8 A |9 451209 |a BIBGIM |b BIBGIM |d 2019-11-22 |i 4909445 |l 1 |o 892.77 BOU 2010 |p 4909445 |r 2025-01-15 |s 2023-11-02 |t 3 |w 2019-11-22 |y BK |k ARA | ||